| 000 | 00595nam a22001697a 4500 | ||
|---|---|---|---|
| 003 | OSt | ||
| 005 | 20171010095535.0 | ||
| 008 | 121008t xxu||||| |||| 00| 0 eng d | ||
| 040 |
_aMMSU _cULS |
||
| 100 |
_aAbellon, Jay A, et al. _913218 |
||
| 245 |
_aDevelopment of a real-time PC based temperature controller and data logger _cJay A. Abellon, et al. |
||
| 260 | _c2008 | ||
| 300 |
_axiii, [101] leaves _c28 cm. |
||
| 500 | _aThesis (BS Computer Engineering) -- Mariano Marcos State University-College of Engineering, Batac City | ||
| 504 | _aBibliography: leaf 34 | ||
| 942 |
_2ddc _cTHEDIS |
||
| 999 |
_c9832 _d9832 |
||